[Event "10. Copenhagen Open"]
[Site "Copenhagen"]
[Date "1988.??.??"]
[Round "7"]
[White "Bergmann, Jesper"]
[Black "Jacobsen, Bo"]
[Result "1-0"]
[WhiteElo "2245"]
[BlackElo "2280"]
[PlyCount "96"]
[EventDate "1988.??.??"]
[EventType "swiss"]
[EventRounds "10"]
[EventCountry "DEN"]
[SourceDate "2004.01.01"]

1. d4 Nf6 2. g3 d6 3. Bg2 e5 4. dxe5 dxe5 5. Qxd8+ Kxd8 6. Nc3 c6 7. Nf3 Bd6 8.
Be3 Ke7 9. h3 Nd5 10. Nxd5+ cxd5 11. c3 f6 12. O-O Be6 13. Rfd1 Na6 14. Ne1 Nc7
15. Nd3 g5 16. Nc5 Bc8 17. Bxd5 Nxd5 18. Rxd5 b6 19. Ne4 Bc7 20. f3 h5 21. Kg2
g4 22. h4 Be6 23. Rd2 Rhd8 24. Rxd8 Rxd8 25. b3 a5 26. c4 a4 27. Nc3 gxf3+ 28.
Kxf3 e4+ 29. Nxe4 b5 30. Rc1 bxc4 31. bxc4 Be5 32. Bf4 Bb2 33. Rc2 a3 34. Bc1
Rb8 35. Bf4 Rc8 36. Nd2 Bd7 37. c5 Bc6+ 38. Ke3 Kf7 39. Nc4 Ba4 40. Nd6+ Ke6
41. Rc4 Ra8 42. c6 Bb3 43. Re4+ Be5 44. Bxe5 fxe5 45. Nb5 Bxa2 46. Nc7+ Kd6 47.
Nxa8 Bb3 48. c7 a2 1-0

[Event "10. Copenhagen Open"]
[Site "Copenhagen"]
[Date "1988.??.??"]
[Round "7"]
[White "Bern, Ivar"]
[Black "Lffler, Stefan"]
[Result "1-0"]
[WhiteElo "2340"]
[BlackElo "2290"]
[PlyCount "104"]
[EventDate "1988.??.??"]
[EventType "swiss"]
[EventRounds "10"]
[EventCountry "DEN"]
[SourceDate "2004.01.01"]

1. c4 e5 2. Nc3 d6 3. e3 Nf6 4. d4 Nbd7 5. Nf3 c6 6. Qc2 Be7 7. Bd3 a6 8. O-O
b5 9. dxe5 Nxe5 10. Nxe5 dxe5 11. b3 Be6 12. Ne4 Nd7 13. Bb2 f5 14. Ng3 e4 15.
Bxe4 fxe4 16. Qxe4 Kf7 17. Rad1 Bf6 18. Bxf6 gxf6 19. f4 bxc4 20. bxc4 Bg4 21.
Rd4 Qe7 22. h3 Qxe4 23. Nxe4 c5 24. Rd2 Be6 25. f5 Bxf5 26. Rxf5 Rhd8 27. Rdf2
Ra7 28. Nxf6 Nxf6 29. Rxf6+ Kg7 30. Rc6 Rd1+ 31. Kh2 Re1 32. Rxc5 Rxe3 33. Rg5+
Kh6 34. h4 Re6 35. c5 Rd7 36. Rb2 Rd4 37. g3 Rc4 38. Rb7 Rg6 39. Rxg6+ hxg6 40.
Rc7 Ra4 41. Kh3 Rxa2 42. g4 Ra3+ 43. Kg2 Rc3 44. Rc6 Rc4 45. Kf3 Rc3+ 46. Kf2
Rc4 47. h5 Kg5 48. Rxg6+ Kf4 49. h6 Rxc5 50. Ke2 Rc2+ 51. Kd3 Rh2 52. Kc4 Rb2
1-0

[Event "10. Copenhagen Open"]
[Site "Copenhagen"]
[Date "1988.??.??"]
[Round "7"]
[White "Bjerring, Kai"]
[Black "Iskov, Gert"]
[Result "1/2-1/2"]
[WhiteElo "2305"]
[BlackElo "2345"]
[PlyCount "73"]
[EventDate "1988.??.??"]
[EventType "swiss"]
[EventRounds "10"]
[EventCountry "DEN"]
[SourceDate "2004.01.01"]

1. e4 d5 2. exd5 Nf6 3. d4 Nxd5 4. c4 Nb6 5. Nc3 g6 6. Be3 Bg7 7. h3 O-O 8. Nf3
Nc6 9. Qd2 e5 10. d5 Na5 11. b3 e4 12. Nd4 c6 13. dxc6 Nxc6 14. Nxc6 bxc6 15.
Qxd8 Rxd8 16. Rc1 f5 17. Be2 Be6 18. f3 exf3 19. Bxf3 Rd3 20. Nd1 Rc8 21. Ke2
Rd7 22. Nc3 Re7 23. Kf2 Nd7 24. Rhd1 Ne5 25. Na4 Nxf3 26. Kxf3 Bf7 27. Bc5 Rb7
28. Rd3 g5 29. Kf2 f4 30. Rcd1 Bg6 31. Rd7 Rxd7 32. Rxd7 Bb1 33. Bd4 Bxd4+ 34.
Rxd4 Bxa2 35. Nc5 a5 36. h4 Rb8 37. Rd2 1/2-1/2

[Event "10. Copenhagen Open"]
[Site "Copenhagen"]
[Date "1988.??.??"]
[Round "7"]
[White "Callergard, Robert"]
[Black "Siklosi, Zoltan"]
[Result "1-0"]
[WhiteElo "2340"]
[BlackElo "2265"]
[PlyCount "77"]
[EventDate "1988.??.??"]
[EventType "swiss"]
[EventRounds "10"]
[EventCountry "DEN"]
[SourceDate "2004.01.01"]

1. d4 Nf6 2. Nf3 d5 3. c4 e6 4. Nc3 Bb4 5. Bg5 Nbd7 6. e3 c5 7. cxd5 exd5 8.
Bd3 Qa5 9. Qc2 O-O 10. O-O c4 11. Bf5 Re8 12. Nd2 g6 13. Bh3 Bxc3 14. bxc3 Ne4
15. Nxe4 dxe4 16. Bf4 Nb6 17. Bxc8 Raxc8 18. Rfb1 Nd5 19. Rxb7 Nxc3 20. a4 Nd5
21. Be5 Nb6 22. Qxe4 c3 23. Qf3 Qd5 24. Qxd5 Nxd5 25. Kf1 Rc4 26. Bd6 Re6 27.
Rb8+ Kg7 28. Bf8+ Kf6 29. Rb5 Rb6 30. Ke2 Rxb5 31. axb5 Rc8 32. Bc5 Rb8 33. Kd3
Rxb5 34. Kc4 c2 35. Rc1 Rb1 36. Rxc2 Nb6+ 37. Bxb6 Rxb6 38. Kd5 Ra6 39. Rc6+
1-0

[Event "10. Copenhagen Open"]
[Site "Copenhagen"]
[Date "1988.??.??"]
[Round "7"]
[White "Davies, Nigel"]
[Black "Hansen, Lars Bo"]
[Result "1/2-1/2"]
[WhiteElo "2450"]
[BlackElo "2365"]
[PlyCount "99"]
[EventDate "1988.??.??"]
[EventType "swiss"]
[EventRounds "10"]
[EventCountry "DEN"]
[SourceDate "2004.01.01"]

1. Nf3 Nf6 2. g3 d5 3. Bg2 c6 4. O-O Bg4 5. c4 dxc4 6. Na3 Nbd7 7. Nxc4 Bxf3 8.
Bxf3 e5 9. d4 e4 10. Bg2 Nb6 11. Nxb6 axb6 12. Bg5 Qd5 13. Bxf6 gxf6 14. e3 h5
15. Qc2 f5 16. f3 Bh6 17. fxe4 Bxe3+ 18. Kh1 Qd7 19. d5 cxd5 20. exd5 f4 21.
gxf4 Bc5 22. Qc3 Rg8 23. Qf6 Qd6 24. Rae1+ Kf8 25. Re6 Qd8 26. Qh6+ Rg7 27.
Qh8+ Rg8 28. Qh6+ Rg7 29. Re5 Qd6 30. Qxh5 Rxa2 31. Qh8+ Rg8 32. Re8+ Kxe8 33.
Qxg8+ Qf8 34. Re1+ Kd8 35. Qg5+ Kc7 36. Qf6 Bb4 37. Rc1+ Kb8 38. Qxb6 Qd6 39.
Qd4 Ba5 40. h4 Bb6 41. Qe5 Qxe5 42. fxe5 Ra4 43. Bf3 Rxh4+ 44. Kg2 Rb4 45. Rh1
Bd4 46. Rh8+ Ka7 47. Re8 Bxb2 48. Kf2 Bd4+ 49. Ke2 Rb3 50. Bh5 1/2-1/2

[Event "10. Copenhagen Open"]
[Site "Copenhagen"]
[Date "1988.??.??"]
[Round "7"]
[White "Ernst, Thomas"]
[Black "Sorensen, Torben N"]
[Result "1/2-1/2"]
[WhiteElo "2455"]
[BlackElo "2360"]
[PlyCount "164"]
[EventDate "1988.??.??"]
[EventType "swiss"]
[EventRounds "10"]
[EventCountry "DEN"]
[SourceDate "2004.01.01"]

1. e4 e5 2. Nf3 Nc6 3. Bb5 a6 4. Ba4 Nf6 5. O-O Be7 6. Re1 b5 7. Bb3 d6 8. c3
O-O 9. h3 Na5 10. Bc2 c5 11. d4 Qc7 12. Nbd2 cxd4 13. cxd4 Bb7 14. Nf1 Rac8 15.
Re2 d5 16. dxe5 Nxe4 17. Ng3 f5 18. exf6 Bxf6 19. Bxe4 dxe4 20. Nxe4 Bxe4 21.
Rxe4 Qc2 22. Qd5+ Kh8 23. Ne1 Qc7 24. Bf4 Qa7 25. Be3 Qc7 26. Rc1 Nc4 27. Bf4
Qa5 28. b3 Rcd8 29. Qe6 Nd2 30. Bxd2 Qxd2 31. Rc2 Qd5 32. Qxd5 Rxd5 33. Nf3
Rd1+ 34. Kh2 h6 35. Ne5 Bxe5+ 36. Rxe5 Rfd8 37. Re6 R1d6 38. Rxd6 Rxd6 39. Kg3
Rf6 40. f4 Kh7 41. h4 Kg6 42. Kf3 h5 43. a4 bxa4 44. bxa4 Rb6 45. g3 a5 46. Rc5
Rb3+ 47. Kg2 Rb2+ 48. Kh3 Ra2 49. Rxa5 Kh6 50. f5 Rf2 51. Rb5 Ra2 52. a5 Rf2
53. a6 Ra2 54. Rb6+ Kh7 55. f6 gxf6 56. Rxf6 Kg7 57. Rb6 Kh7 58. Rb5 Kh6 59.
Rb6+ Kh7 60. Rb7+ Kh6 61. Ra7 Kg6 62. Ra8 Kh6 63. a7 Kh7 64. g4 Ra3+ 65. Kg2
hxg4 66. h5 Kg7 67. h6+ Kh7 68. Kf2 Rf3+ 69. Kg1 Rg3+ 70. Kf2 Rf3+ 71. Ke1 Re3+
72. Kd2 Ra3 73. Ke2 Ra2+ 74. Kf1 g3 75. Kg1 g2 76. Kh2 g1=Q+ 77. Kxg1 Ra1+ 78.
Kf2 Ra2+ 79. Ke3 Ra3+ 80. Kd4 Ra4+ 81. Kc5 Ra1 82. Kb6 Rb1+ 1/2-1/2

[Event "10. Copenhagen Open"]
[Site "Copenhagen"]
[Date "1988.??.??"]
[Round "7"]
[White "Hansen, Soren Bech"]
[Black "Westerinen, Heikki"]
[Result "0-1"]
[WhiteElo "2255"]
[BlackElo "2395"]
[PlyCount "76"]
[EventDate "1988.??.??"]
[EventType "swiss"]
[EventRounds "10"]
[EventCountry "DEN"]
[SourceDate "2004.01.01"]

1. e4 e5 2. Bc4 Nf6 3. d3 c6 4. Nf3 Be7 5. O-O Qc7 6. Nc3 d6 7. h3 Nbd7 8. a3
Nc5 9. Be3 Ne6 10. Ba2 h6 11. d4 g5 12. Bxe6 Bxe6 13. d5 cxd5 14. Nxd5 Bxd5 15.
exd5 Qc4 16. Qd2 Qxd5 17. Qb4 a5 18. Qe1 O-O 19. Rd1 Qe6 20. Bb6 a4 21. Qe2
Rfc8 22. Rfe1 Qc4 23. Nd4 Qxe2 24. Rxe2 Bf8 25. Nf5 Rc6 26. Be3 Kh7 27. h4 Kg6
28. hxg5 hxg5 29. Ng3 Ra5 30. f3 Rd5 31. Rxd5 Nxd5 32. Kf2 f5 33. Bc1 Nb6 34.
Nf1 Kf6 35. Ne3 d5 36. g4 f4 37. Nf5 e4 38. Nd4 Bc5 0-1

[Event "10. Copenhagen Open"]
[Site "Copenhagen"]
[Date "1988.??.??"]
[Round "7"]
[White "Haugli, Petter"]
[Black "Riemersma, Liafbern"]
[Result "0-1"]
[WhiteElo "2350"]
[BlackElo "2420"]
[PlyCount "79"]
[EventDate "1988.??.??"]
[EventType "swiss"]
[EventRounds "10"]
[EventCountry "DEN"]
[SourceDate "2004.01.01"]

1. e4 c5 2. Nf3 e6 3. c3 d5 4. exd5 exd5 5. d4 Nf6 6. Bb5+ Nc6 7. O-O Be7 8.
dxc5 O-O 9. b4 Bg4 10. Bxc6 bxc6 11. Qd3 Ne4 12. Nd4 Bd7 13. Nd2 f5 14. f3 Ng5
15. N2b3 f4 16. Re1 Rf6 17. Bd2 Qf8 18. c4 dxc4 19. Qxc4+ Kh8 20. a4 Rg6 21.
Kh1 Qf6 22. b5 Rh6 23. bxc6 Bxc6 24. Re2 Be8 25. Rae1 Bf7 26. Qc1 Bxb3 27. Nxb3
Rh4 28. Bxf4 Rxf4 29. Rxe7 Rf8 30. Nd2 Nxf3 31. gxf3 Rxf3 32. Re8 Rf2 33. Rxf8+
Qxf8 34. Qc4 Rxd2 35. Rf1 Qa8+ 36. c6 h6 37. Rf7 Qb8 38. Qf4 Qb1+ 39. Qf1 Qe4+
40. Rf3 0-1

[Event "10. Copenhagen Open"]
[Site "Copenhagen"]
[Date "1988.??.??"]
[Round "7"]
[White "Jakobsen, Ole"]
[Black "Conquest, Stuart"]
[Result "0-1"]
[WhiteElo "2385"]
[BlackElo "2315"]
[PlyCount "78"]
[EventDate "1988.??.??"]
[EventType "swiss"]
[EventRounds "10"]
[EventCountry "DEN"]
[SourceDate "2004.01.01"]

1. c4 e5 2. g3 Nc6 3. Bg2 g6 4. Nc3 Bg7 5. e3 d6 6. Nge2 h5 7. h4 Nh6 8. d3 O-O
9. Bd2 Ne7 10. Qb3 c6 11. a4 Rb8 12. e4 Be6 13. a5 Qd7 14. Bg5 f5 15. exf5 gxf5
16. Qa4 Ng6 17. f4 Ng4 18. Bf3 Kh8 19. Kd2 Bg8 20. Rhe1 Rfe8 21. Ra3 Nf8 22. b4
e4 23. dxe4 Bxc4 24. Qc2 d5 25. e5 d4 26. Nd1 Ba6 27. Nc1 d3 28. Qc3 Ne6 29.
Nb3 Bf8 30. Bxg4 hxg4 31. Ne3 c5 32. Nxc5 Bxc5 33. bxc5 Rbc8 34. Bf6+ Kh7 35.
Nxf5 Rxc5 36. Qb4 Rc2+ 37. Kd1 Qc6 38. Qe4 Rc1+ 39. Kd2 Qc2+ 0-1

[Event "10. Copenhagen Open"]
[Site "Copenhagen"]
[Date "1988.??.??"]
[Round "7"]
[White "Kupreichik, Victor"]
[Black "Karsa, Laszlo"]
[Result "1-0"]
[WhiteElo "2510"]
[BlackElo "2400"]
[PlyCount "83"]
[EventDate "1988.??.??"]
[EventType "swiss"]
[EventRounds "10"]
[EventCountry "DEN"]
[SourceDate "2004.01.01"]

1. e4 e5 2. Nf3 Nc6 3. Bb5 a6 4. Ba4 Nf6 5. O-O Nxe4 6. d4 b5 7. Bb3 d5 8. dxe5
Be6 9. c3 Bc5 10. Qe2 O-O 11. Be3 Bxe3 12. Qxe3 Ne7 13. Nbd2 Nf5 14. Qe2 Nxd2
15. Qxd2 c5 16. Rad1 Qe7 17. Qf4 Rad8 18. Rfe1 g6 19. Bc2 Rd7 20. Rd2 Rfd8 21.
h3 Kg7 22. g4 Nh6 23. Kg2 Ng8 24. Kg3 h6 25. h4 d4 26. cxd4 cxd4 27. Nxd4 Qxh4+
28. Kxh4 g5+ 29. Kh5 gxf4 30. Red1 Rd5 31. Nxe6+ fxe6 32. Rxd5 Rxd5 33. Rxd5
exd5 34. g5 hxg5 35. Kxg5 f3 36. Bd1 Kf7 37. Bxf3 Ke6 38. Kf4 Ne7 39. Bg4+ Kf7
40. Kg5 Nc6 41. f4 Ke7 42. Bc8 1-0

[Event "10. Copenhagen Open"]
[Site "Copenhagen"]
[Date "1988.??.??"]
[Round "7"]
[White "Levitt, Jonathan"]
[Black "Groszpeter, Attila"]
[Result "1/2-1/2"]
[WhiteElo "2440"]
[BlackElo "2495"]
[PlyCount "52"]
[EventDate "1988.??.??"]
[EventType "swiss"]
[EventRounds "10"]
[EventCountry "DEN"]
[SourceDate "2004.01.01"]

1. d4 Nf6 2. c4 e6 3. Nc3 Bb4 4. Nf3 c5 5. e3 O-O 6. Bd3 d5 7. O-O b6 8. cxd5
exd5 9. dxc5 bxc5 10. Ne2 Bg4 11. b3 Nc6 12. Bb2 d4 13. exd4 Bxf3 14. gxf3 Nxd4
15. Nxd4 cxd4 16. Bxd4 Qd6 17. Be3 Rad8 18. Bc4 Qe5 19. f4 Qe4 20. Qe2 Rfe8 21.
Rad1 Qg6+ 22. Kh1 Rxd1 23. Rxd1 Qe4+ 24. Kg1 Qg6+ 25. Kh1 Qe4+ 26. Kg1 Qg6+
1/2-1/2

[Event "10. Copenhagen Open"]
[Site "Copenhagen"]
[Date "1988.??.??"]
[Round "7"]
[White "Nerlov, Claus"]
[Black "Pieniazek, Artur"]
[Result "0-1"]
[WhiteElo "2265"]
[BlackElo "2275"]
[PlyCount "64"]
[EventDate "1988.??.??"]
[EventType "swiss"]
[EventRounds "10"]
[EventCountry "DEN"]
[SourceDate "2004.01.01"]

1. e4 c5 2. Nf3 e6 3. d4 cxd4 4. Nxd4 Nf6 5. Nc3 d6 6. Be2 Be7 7. O-O O-O 8.
Be3 Nc6 9. f4 e5 10. Nf5 Bxf5 11. exf5 exf4 12. Bxf4 d5 13. Bf3 d4 14. Ne4 Rc8
15. Nf2 Qb6 16. a3 Qxb2 17. g4 Rfd8 18. g5 Nd5 19. Bxd5 Rxd5 20. f6 Bf8 21. Rb1
Qxa3 22. Qg4 Re8 23. Rxb7 Ne5 24. Bxe5 Rexe5 25. h4 Qe3 26. Kg2 Rxg5 27. hxg5
Rxg5 28. Rbb1 Rxg4+ 29. Nxg4 Qe4+ 30. Kg3 h5 31. Nf2 Bd6+ 32. Kh3 Qf3+ 0-1

[Event "10. Copenhagen Open"]
[Site "Copenhagen"]
[Date "1988.??.??"]
[Round "7"]
[White "Nilsson, Nils Specht"]
[Black "Clausen, Steen"]
[Result "1/2-1/2"]
[WhiteElo "2230"]
[BlackElo "2270"]
[PlyCount "61"]
[EventDate "1988.??.??"]
[EventType "swiss"]
[EventRounds "10"]
[EventCountry "DEN"]
[SourceDate "2004.01.01"]

1. c4 e5 2. Nc3 Nf6 3. g3 Bb4 4. Bg2 O-O 5. e3 Bxc3 6. bxc3 d6 7. d3 Re8 8. e4
Nbd7 9. Ne2 Nc5 10. O-O c6 11. f4 Qb6 12. Kh1 Bg4 13. h3 Bxe2 14. Qxe2 Qa5 15.
Bd2 exf4 16. gxf4 Qa4 17. Be3 Qa3 18. Bd4 Ne6 19. Rab1 Nxd4 20. cxd4 Re7 21.
Rb3 Qa5 22. Bf3 Rd8 23. Rg1 g6 24. Qb2 Qc7 25. d5 Ne8 26. dxc6 Qxc6 27. Qf2 b6
28. f5 Qc5 29. Qh4 Qe5 30. Rb5 Qf6 31. Qxf6 1/2-1/2

[Event "10. Copenhagen Open"]
[Site "Copenhagen"]
[Date "1988.??.??"]
[Round "7"]
[White "Schandorff, Lars"]
[Black "Hvenekilde, Jorgen"]
[Result "0-1"]
[WhiteElo "2400"]
[BlackElo "2320"]
[PlyCount "64"]
[EventDate "1988.??.??"]
[EventType "swiss"]
[EventRounds "10"]
[EventCountry "DEN"]
[SourceDate "2004.01.01"]

1. d4 Nf6 2. c4 e5 3. dxe5 Ne4 4. Nf3 Nc6 5. a3 d6 6. exd6 Bxd6 7. e3 Qf6 8.
Nbd2 Bf5 9. Nxe4 Bxe4 10. Bd3 Bg6 11. Bxg6 hxg6 12. Qc2 O-O-O 13. Bd2 Ne5 14.
Nxe5 Bxe5 15. f4 Bxb2 16. Ra2 Qc6 17. O-O Bf6 18. a4 Rh5 19. h3 Rc5 20. Rc1 a5
21. Ra3 Re8 22. Rd3 Re4 23. Rd5 Qxd5 24. cxd5 Rxc2 25. Rxc2 Rxa4 26. e4 Rxe4
27. Bxa5 Bd4+ 28. Kh1 b6 29. Bb4 Kd7 30. g3 Bf2 31. Bc3 Bd4 32. Bb4 Bf6 0-1

[Event "10. Copenhagen Open"]
[Site "Copenhagen"]
[Date "1988.??.??"]
[Round "7"]
[White "Schulz, Klaus Jurgen"]
[Black "Plachetka, Jan"]
[Result "1/2-1/2"]
[WhiteElo "2345"]
[BlackElo "2415"]
[PlyCount "66"]
[EventDate "1988.??.??"]
[EventType "swiss"]
[EventRounds "10"]
[EventCountry "DEN"]
[SourceDate "2004.01.01"]

1. e4 c5 2. Nf3 Nc6 3. d4 cxd4 4. Nxd4 Qb6 5. Nb3 Nf6 6. Nc3 e6 7. Be3 Qc7 8.
a3 d6 9. f4 Be7 10. Bd3 a6 11. Qf3 b5 12. g4 Bb7 13. g5 Nd7 14. Qh3 Nc5 15.
Nxc5 dxc5 16. g6 fxg6 17. Rg1 Nd4 18. O-O-O O-O-O 19. Nd5 Bxd5 20. exd5 Nf5 21.
dxe6 Nxe3 22. Qxe3 Rhf8 23. Rgf1 c4 24. Be2 Rxd1+ 25. Bxd1 c3 26. Qe4 Kb8 27.
Kb1 cxb2 28. Bf3 Ka7 29. Rd1 Rd8 30. Rxd8 Bxd8 31. Qd4+ Kb8 32. Qd5 Ka7 33.
Qd4+ Kb8 1/2-1/2

[Event "10. Copenhagen Open"]
[Site "Copenhagen"]
[Date "1988.??.??"]
[Round "7"]
[White "Stein, Bernd"]
[Black "Salanki, Endre"]
[Result "1/2-1/2"]
[WhiteElo "2365"]
[BlackElo "2335"]
[PlyCount "87"]
[EventDate "1988.??.??"]
[EventType "swiss"]
[EventRounds "10"]
[EventCountry "DEN"]
[SourceDate "2004.01.01"]

1. e4 c5 2. c3 d5 3. d3 dxe4 4. dxe4 Qxd1+ 5. Kxd1 Bd7 6. Be3 e6 7. a4 Bc6 8.
f3 Nd7 9. Bb5 Rc8 10. Nd2 b6 11. Nc4 Ngf6 12. Kc2 Be7 13. Ne2 O-O 14. Rhd1 Nb8
15. Bf4 Ba8 16. g4 Rcd8 17. Rxd8 Rxd8 18. a5 a6 19. Nxb6 Bb7 20. Bc4 Nc6 21.
Bc7 Rf8 22. Nc1 Ne8 23. Bg3 Nd6 24. Bd3 c4 25. Nxc4 Nxc4 26. Bxc4 Rc8 27. Kd3
Bf6 28. b4 Nxb4+ 29. cxb4 Bxa1 30. Nb3 Rd8+ 31. Kc2 Bd4 32. Nxd4 Rxd4 33. Kc3
Rd1 34. b5 axb5 35. Bxb5 Ra1 36. Kb4 Rc1 37. a6 Ba8 38. a7 f6 39. Bc4 Kf7 40.
f4 Bxe4 41. f5 Rxc4+ 42. Kxc4 exf5 43. gxf5 g6 44. fxg6+ 1/2-1/2

[Event "10. Copenhagen Open"]
[Site "Copenhagen"]
[Date "1988.??.??"]
[Round "7"]
[White "Sorensen, Henrik"]
[Black "Hoi, Carsten"]
[Result "0-1"]
[WhiteElo "2265"]
[BlackElo "2405"]
[PlyCount "60"]
[EventDate "1988.??.??"]
[EventType "swiss"]
[EventRounds "10"]
[EventCountry "DEN"]
[SourceDate "2004.01.01"]

1. d4 d6 2. c3 Nf6 3. Bg5 g6 4. Nd2 Bg7 5. e4 O-O 6. Ngf3 Nc6 7. Be2 h6 8. Bh4
Nh5 9. O-O Nf4 10. Bb5 a6 11. Ba4 Bg4 12. Bc2 g5 13. Bg3 e5 14. dxe5 dxe5 15.
Re1 Qf6 16. Re3 Rfd8 17. Qf1 Rd7 18. Nb3 Bf8 19. Ne1 Rad8 20. Nd3 b6 21. h3 Be6
22. Rd1 Bc4 23. Nbc1 a5 24. Bh2 Ne7 25. g3 Ne6 26. Qg2 Ng6 27. Rde1 Nc5 28. Rf3
Qe6 29. Nxc5 Bxc5 30. b3 Rd2 0-1

[Event "10. Copenhagen Open"]
[Site "Copenhagen"]
[Date "1988.??.??"]
[Round "7"]
[White "Vaganian, Rafael A"]
[Black "Thorsteins, Karl"]
[Result "1-0"]
[WhiteElo "2625"]
[BlackElo "2440"]
[PlyCount "85"]
[EventDate "1988.??.??"]
[EventType "swiss"]
[EventRounds "10"]
[EventCountry "DEN"]
[SourceDate "2004.01.01"]

1. c4 g6 2. Nc3 Bg7 3. d4 Nf6 4. g3 d5 5. cxd5 Nxd5 6. Bg2 Nb6 7. Nf3 O-O 8.
O-O Nc6 9. e3 e5 10. d5 Na5 11. e4 c6 12. Bg5 f6 13. Be3 cxd5 14. exd5 Rf7 15.
b3 Bg4 16. Bc5 f5 17. Bb4 Nc8 18. Qe1 Bxf3 19. Bxf3 Nd6 20. Be2 b6 21. Ba6 Nab7
22. Rc1 h5 23. Qe2 h4 24. Rfd1 Kh7 25. Bxb7 Rxb7 26. Bxd6 Qxd6 27. Nb5 Qd8 28.
d6 Rd7 29. Nc7 Rb8 30. Ne6 Qf6 31. Qc4 Re8 32. Nc7 Red8 33. Kg2 f4 34. Ne6 Re8
35. Nxg7 Kxg7 36. Qe4 h3+ 37. Kxh3 f3 38. Rc7 Rxc7 39. dxc7 Rh8+ 40. Kg4 Rf8
41. c8=Q Rxc8 42. Qb7+ Kh6 43. Qxc8 1-0

[Event "10. Copenhagen Open"]
[Site "Copenhagen"]
[Date "1988.??.??"]
[Round "7"]
[White "Wegner, Hannu"]
[Black "Brinck Claussen, Bjorn"]
[Result "1/2-1/2"]
[WhiteElo "2320"]
[BlackElo "2370"]
[PlyCount "37"]
[EventDate "1988.??.??"]
[EventType "swiss"]
[EventRounds "10"]
[EventCountry "DEN"]
[SourceDate "2004.01.01"]

1. d4 d5 2. c4 e6 3. Nf3 Nf6 4. Bg5 Be7 5. Nc3 O-O 6. e3 h6 7. Bxf6 Bxf6 8. Rc1
c6 9. Bd3 Nd7 10. cxd5 exd5 11. b4 a6 12. O-O Be7 13. Rb1 Bd6 14. a4 Nf6 15.
Qc2 Qe7 16. b5 axb5 17. axb5 Bg4 18. Nd2 c5 19. dxc5 1/2-1/2

[Event "10. Copenhagen Open"]
[Site "Copenhagen"]
[Date "1988.??.??"]
[Round "7"]
[White "Welling, Gerard"]
[Black "Barbero, Gerardo F"]
[Result "0-1"]
[WhiteElo "2355"]
[BlackElo "2505"]
[PlyCount "34"]
[EventDate "1988.??.??"]
[EventType "swiss"]
[EventRounds "10"]
[EventCountry "DEN"]
[SourceDate "2004.01.01"]

1. b3 e5 2. Bb2 Nc6 3. Nf3 d6 4. d4 e4 5. d5 exf3 6. dxc6 bxc6 7. gxf3 Nf6 8.
Qd4 Be7 9. Rg1 g6 10. Nc3 c5 11. Qd2 Bb7 12. f4 Qd7 13. Bg2 Bxg2 14. Rxg2 O-O-O
15. Nd5 Qe6 16. Nxc7 Qe4 17. O-O-O Kxc7 0-1

[Event "10. Copenhagen Open"]
[Site "Copenhagen"]
[Date "1988.??.??"]
[Round "8"]
[White "Barbero, Gerardo F"]
[Black "Groszpeter, Attila"]
[Result "1/2-1/2"]
[WhiteElo "2505"]
[BlackElo "2495"]
[PlyCount "107"]
[EventDate "1988.??.??"]
[EventType "swiss"]
[EventRounds "10"]
[EventCountry "DEN"]
[SourceDate "2004.01.01"]

1. Nf3 Nf6 2. c4 e6 3. Nc3 Bb4 4. Qc2 O-O 5. a3 Bxc3 6. Qxc3 d5 7. b3 dxc4 8.
bxc4 c5 9. Bb2 Nc6 10. g4 Re8 11. Ne5 Qc7 12. f4 Nxe5 13. fxe5 Nd7 14. Bg2 Nb6
15. Qc2 Bd7 16. Be4 h6 17. a4 Bc6 18. O-O Rad8 19. Bxc6 Qxc6 20. a5 Nd7 21. Rf3
Nf8 22. Raf1 Re7 23. d3 Ng6 24. Bc3 b5 25. axb6 axb6 26. Rb1 Rb7 27. Rb5 Rdb8
28. Qb2 Qc7 29. Rf1 Qd8 30. Bd2 Qh4 31. Be3 Qxg4+ 32. Kh1 Qh5 33. Rg1 Nh4 34.
Bf2 Nf5 35. Qd2 Nd4 36. Bxd4 cxd4 37. Qe1 Rc7 38. Qg3 g5 39. Qf2 Rd7 40. Rbb1
Rbd8 41. Rxb6 Qg6 42. Rf1 Kg7 43. Qg2 Qh5 44. Qe4 Ra7 45. Rd6 Rb8 46. Qxd4 Qxe2
47. Rf2 Qd1+ 48. Kg2 Ra1 49. Rd7 Rf8 50. Rfxf7+ Rxf7 51. Rxf7+ Kxf7 52. Qd7+
Kf8 53. Qd8+ Kf7 54. Qd7+ 1/2-1/2

[Event "10. Copenhagen Open"]
[Site "Copenhagen"]
[Date "1988.??.??"]
[Round "8"]
[White "Callergard, Robert"]
[Black "Sorensen, Henrik"]
[Result "1-0"]
[WhiteElo "2340"]
[BlackElo "2265"]
[PlyCount "79"]
[EventDate "1988.??.??"]
[EventType "swiss"]
[EventRounds "10"]
[EventCountry "DEN"]
[SourceDate "2004.01.01"]

1. d4 Nf6 2. Nf3 c5 3. e3 d5 4. c4 cxd4 5. exd4 g6 6. Nc3 Bg7 7. cxd5 O-O 8.
Bc4 Nbd7 9. Qb3 Nb6 10. O-O Bf5 11. Re1 a5 12. a4 Rc8 13. Bf1 Nbxd5 14. Bg5 Nb4
15. Rac1 h6 16. Bf4 g5 17. Be5 e6 18. Nd2 Ng4 19. Bxg7 Kxg7 20. Nf3 Nxf2 21.
Kxf2 g4 22. Nb5 gxf3 23. Qxf3 Rc2+ 24. Rxc2 Nxc2 25. Rd1 Qh4+ 26. Qg3+ Qxg3+
27. hxg3 Nb4 28. Nc3 Bc2 29. Rd2 Bb3 30. Be2 Rd8 31. Bf3 b6 32. Be4 f5 33. Bb1
Kf6 34. g4 Nd5 35. gxf5 exf5 36. Bc2 Bc4 37. Nxd5+ Bxd5 38. g3 Rg8 39. Bd1 Rg5
40. Bf3 1-0

[Event "10. Copenhagen Open"]
[Site "Copenhagen"]
[Date "1988.??.??"]
[Round "8"]
[White "Clausen, Steen"]
[Black "Bang, Andreas"]
[Result "1-0"]
[WhiteElo "2270"]
[BlackElo "2250"]
[PlyCount "65"]
[EventDate "1988.??.??"]
[EventType "swiss"]
[EventRounds "10"]
[EventCountry "DEN"]
[SourceDate "2004.01.01"]

1. e4 c6 2. d4 d5 3. exd5 cxd5 4. c4 Nf6 5. Nc3 g6 6. Nf3 Bg7 7. c5 O-O 8. b4
Bg4 9. Be3 Ne4 10. Qb3 Bxf3 11. gxf3 Nxc3 12. Qxc3 e5 13. Bb5 exd4 14. Bxd4
Bxd4 15. Qxd4 Qg5 16. h4 Qg2 17. O-O-O Nc6 18. Bxc6 bxc6 19. Qf4 Rab8 20. a3 a5
21. Rh2 Qxh2 22. Qxh2 axb4 23. axb4 Rxb4 24. h5 Re8 25. Rd3 Re1+ 26. Kd2 Rbb1
27. Ra3 Rbd1+ 28. Kc3 Rc1+ 29. Kd4 Rcd1+ 30. Rd3 Rc1 31. Re3 Red1+ 32. Ke5 Rh1
33. Kf6 1-0

[Event "10. Copenhagen Open"]
[Site "Copenhagen"]
[Date "1988.??.??"]
[Round "8"]
[White "Conquest, Stuart"]
[Black "Levitt, Jonathan"]
[Result "0-1"]
[WhiteElo "2315"]
[BlackElo "2440"]
[PlyCount "121"]
[EventDate "1988.??.??"]
[EventType "swiss"]
[EventRounds "10"]
[EventCountry "DEN"]
[SourceDate "2004.01.01"]

1. d4 Nf6 2. c4 e6 3. Nc3 Bb4 4. e3 c5 5. Nge2 cxd4 6. exd4 O-O 7. a3 Be7 8. d5
exd5 9. cxd5 Re8 10. g3 Bc5 11. Bg2 d6 12. O-O Bf5 13. Nd4 Bg6 14. b4 Bb6 15.
Bf4 Nh5 16. Be3 Nd7 17. Na4 Nhf6 18. Rc1 Be4 19. Bxe4 Rxe4 20. Nc3 Re8 21. Nf5
Bxe3 22. Nxe3 a6 23. Ne2 g6 24. Nf4 Ne5 25. Kg2 Rc8 26. Qd4 Re7 27. Ne2 Rec7
28. h3 Rxc1 29. Rxc1 Rxc1 30. Nxc1 Ned7 31. Nb3 b5 32. Na5 Qb6 33. Qc3 h5 34.
Qc8+ Kg7 35. Nc6 Ne5 36. Nxe5 dxe5 37. Qc5 Qxc5 38. bxc5 Kf8 39. Kf3 a5 40. g4
hxg4+ 41. hxg4 Ke7 42. g5 Nh7 43. Ke4 Nxg5+ 44. Kxe5 Nf3+ 45. Kf4 Nd2 46. d6+
Ke6 47. Nd5 Nb3 48. Nc7+ Kd7 49. Na6 Ke6 50. Ke4 b4 51. axb4 axb4 52. Nc7+ Kd7
53. Kd5 Na5 54. Na6 b3 55. c6+ Kc8 56. d7+ Kd8 57. Nb4 b2 58. Kd6 Nc4+ 59. Kc5
Ne5 60. Kd6 Nc4+ 61. Kc5 0-1

[Event "10. Copenhagen Open"]
[Site "Copenhagen"]
[Date "1988.??.??"]
[Round "8"]
[White "Hansen, Soren Bech"]
[Black "Kruszynski, Wlodzimierz"]
[Result "1/2-1/2"]
[WhiteElo "2255"]
[BlackElo "2335"]
[PlyCount "24"]
[EventDate "1988.??.??"]
[EventType "swiss"]
[EventRounds "10"]
[EventCountry "DEN"]
[SourceDate "2004.01.01"]

1. c4 Nf6 2. Nf3 e6 3. g3 b6 4. Bg2 Bb7 5. O-O c5 6. Nc3 Be7 7. b3 d6 8. Bb2
O-O 9. e3 Nbd7 10. Qe2 a6 11. Rfd1 Re8 12. Rac1 Qb8 1/2-1/2